000 01222nam a2200277 a 4500
999 _c329749
_d329749
003 BLK
005 20240102111401.0
008 190401b bu ||||| |||| 00| 0 bu d
020 _a978-954-527-561-6
040 _aBLK
041 _aBUL
_cBUL
080 _aАнглийска литература
_b821.111
_x-311.9
_z821.111-311.9
100 _9314883
_aАдамс, Дъглас Ноел
_eпърви автор
139 _aАдамс, Дъглас
_bА 28
245 _aДърк Джентли. Холистична детективска агенция ; Дългият мрачен следобеден чай на душата
_cДъглас Адамс ; прев. Светлана Комогорова - Комата
257 _aGBR
260 _9209515
_aСофия
_bДамян Яков
_c2015
300 _a504 с.
_c22 см
380 _aX
500 _aОриг. загл.: Dirk Gently's holistic detective agency ;The long dark tea - time of the soul / Douglas Adams. - 1. изд. 2002
700 1 _aКомогорова, Светлана Николаева
_981759
852 _aЦб 294193
_bЦб
942 _cKNG
_n0
_s1
_08
944 _k30535
_lХристина Везирева
999 _d329749